00386 a2200109 4500001001000000005001700010008004100027245010400068100002600172773006100198999001700259ART_2394520260410161933.0260409a 10aLos cambios en la tasa inflacionaria y el coeficiente fijo de las fórmulas de reajuste de precios1 aArias, José Alberto0 tInformeg- Año VIII, Nº 46 (ene./mar. 1976)wREV23765 c28748d28748